Money international

保存先:
書誌詳細
第一著者: Hirsch, Fred
フォーマット: 図書
言語:Undetermined
出版事項: Harmondsworth Pengiun Books 1969
主題:
タグ: タグ追加
タグなし, このレコードへの初めてのタグを付けませんか!
Thư viện lưu trữ: Trung tâm Học liệu Trường Đại học Cần Thơ
LEADER 00469nam a2200181Ia 4500
001 CTU_80306
008 210402s9999 xx 000 0 und d
082 |a 332.4 
082 |b H669 
100 |a Hirsch, Fred 
245 0 |a Money international 
245 0 |c Fred Hirsch 
260 |a Harmondsworth 
260 |b Pengiun Books 
260 |c 1969 
650 |a International finance 
904 |i Trọng Hải 
980 |a Trung tâm Học liệu Trường Đại học Cần Thơ